Contact 5: 3§ año de enseñanza media
שמור ב:
| Main Authors: | , |
|---|---|
| פורמט: | ספר |
| שפה: | אנגלית |
| יצא לאור: |
Santiago
Ediciones Pedagógicas Chilenas
1984
|
| מהדורה: | 3a. ed |
| נושאים: | |
| תגים: |
הוספת תג
אין תגיות, היה/י הראשונ/ה לתייג את הרשומה!
|
MARC
| LEADER | 00000nam a2200000 a 4500 | ||
|---|---|---|---|
| 001 | UCH8046 | ||
| 003 | CL-VaPUC | ||
| 008 | 091127e19840000CL |||||||||||||||||eng|d | ||
| 082 | 0 | 4 | |a 428.4 |b NOV |2 21 |
| 100 | |a Novoa Green, Patricio |e autor |9 544440 | ||
| 700 | 0 | |a Zenteno Bustamante, Carlos |e author |9 544441 | |
| 245 | 1 | 0 | |a Contact 5: 3§ año de enseñanza media |
| 250 | |a 3a. ed | ||
| 300 | |a 47 p | ||
| 942 | |c BK | ||
| 945 | |d 20091127 00:00:00 |a lazolas | ||
| 260 | |a Santiago |b Ediciones Pedagógicas Chilenas |c 1984 | ||
| 650 | 0 | |a Enseñanza del inglés |9 367340 | |
| 650 | 0 | |a Comprensión de lectura |9 307588 | |
| 999 | |c 338309 |d 338307 | ||
| 583 | |k Rodrigo Vera | ||